Put not your trust in princes (Record no. 77384)

MARC details
000 -LEADER
fixed length control field 01039cab a2200229 4500
001 - CONTROL NUMBER
control field ##L134126
008 - FIXED-LENGTH DATA ELEMENTS--GENERAL INFORMATION
fixed length control field 060712n2006 000 0 eng u
035 ## - SYSTEM CONTROL NUMBER
System control number (Sirsi) u134126
041 0# - LANGUAGE CODE
Language code of text/sound track or separate title eng
100 1# - MAIN ENTRY--PERSONAL NAME
Personal name Endacott, John
245 00 - TITLE STATEMENT
Title Put not your trust in princes
260 ## - PUBLICATION, DISTRIBUTION, ETC.
Date of publication, distribution, etc. 2006
490 #0 - SERIES STATEMENT
Series statement Taxation
Volume/sequential designation 157(4065) 6 July 2006, 376-378(3)
520 ## - SUMMARY, ETC.
Summary, etc. Looks at recent attacks by the UK government on tax planning involving trusts. Discusses the restrictions in holdover relief where there is a settler interest, restrictions in only or main residence relief following a holdover relief claim, and changes to Sched 20 in the current Finance Bill. Considers the impact of these changes on capital gains tax planning, inheritance tax planning, and divorce settlements.
590 ## - LOCAL NOTE (RLIN)
Local note IKA180706
650 24 - SUBJECT ADDED ENTRY--TOPICAL TERM
Topical term or geographic name entry element FINANCE (NO 2) BILL 2006
650 24 - SUBJECT ADDED ENTRY--TOPICAL TERM
Topical term or geographic name entry element CAPITAL GAINS TAX ACT 1992
650 24 - SUBJECT ADDED ENTRY--TOPICAL TERM
Topical term or geographic name entry element INHERITANCE TAX ACT 1984
651 #4 - SUBJECT ADDED ENTRY--GEOGRAPHIC NAME
Geographic name United Kingdom
Chronological subdivision
690 ## - LOCAL SUBJECT ADDED ENTRY--TOPICAL TERM (OCLC, RLIN)
Topical term or geographic name as entry element PROPERTY-PROPERTY TAXATION-PROPERTY TAX ALLOWANCES
942 ## - ADDED ENTRY ELEMENTS (KOHA)
Suppress in OPAC 0
Holdings
Withdrawn status Lost status Source of classification or shelving scheme Damaged status Not for loan Home library Current library Shelving location Date acquired Total Checkouts Full call number Barcode Date last seen Copy number Price effective from Koha item type
    Dewey Decimal Classification     London London Journal article 12/07/2006   L134126 134126-1001 06/08/2019 1 06/08/2019 Journal article